Welcome to the Holygrace Academy Library

Please use search bar below to get started

DICTIONARY (Record no. 2212)

MARC details
000 -LEADER
fixed length control field 00299nam a22001337a 4500
020 ## - INTERNATIONAL STANDARD BOOK NUMBER
ISBN 0-7513-3766-8
082 ## - DEWEY DECIMAL CLASSIFICATION NUMBER
Classification number 030
Item number DK/D
100 ## - MAIN ENTRY--AUTHOR NAME
Personal name DORLING KINDERSLEY BOOK
245 ## - TITLE STATEMENT
Title DICTIONARY
260 ## - PUBLICATION, DISTRIBUTION, ETC. (IMPRINT)
Place of publication LONDON
Name of publisher DK LIMITED
Year of publication 2009
300 ## - PHYSICAL DESCRIPTION
Number of Pages 256
650 ## - SUBJECT ADDED ENTRY--TOPICAL TERM
Topical Term DICTIONARY
Geographic subdivision UNITED KINGDOM
942 ## - ADDED ENTRY ELEMENTS (KOHA)
Koha item type Books
Holdings
Withdrawn status Lost status Collection code Home library Current library Shelving location Date acquired Source of acquisition Cost, normal purchase price Full call number Accession Number Koha item type
    Reference Main Library Main Library SHELF 1 H -DICTIONARY, ENCYCLOPEDIA 21/05/2010 purchase 600.00 030 DK/D 04893 Books
    Reference Main Library Main Library SHELF 1 H -DICTIONARY, ENCYCLOPEDIA 06/06/2009 purchase 600.00 030 DK/D 00930 Books